badly drawn flags - Statistics

General Stats
  • This quiz has been taken 12 times
  • The average score is 23 of 32
Answer Stats
Picture Answer % Correct
Brazil
100%
Germany
91%
Mexico
91%
Russia
91%
Singapore
91%
South Africa
91%
Albania
82%
Angola
82%
Kyrgyzstan
82%
Malta
82%
Norway
82%
St Lucia
82%
Algeria
73%
Bosnia And Herzegovina
73%
Iran
73%
Uzbekistan
73%
Cape Verde
64%
Central African Republic
64%
Comoros
64%
Eritrea
64%
Haiti
64%
Lesotho
64%
Mongolia
64%
Philippines
64%
St Vincent And The Grenadines
64%
Vanuatu
64%
Bahamas
55%
Burundi
55%
Nauru
55%
Tonga
55%
Solomon Islands
45%
Nambia
18%
No matching quizzes found
Score Distribution
Percent of People with Each Score
Percentile by Number Answered
Your Score History
You have not taken this quiz